2016 Formula One Drivers - Statistics

General Stats
  • This quiz has been taken 61 times
  • The average score is 17 of 22
Answer Stats
Team Country Driver % Correct
Mercedes UK Lewis Hamilton
98%
Mercedes Germany Nico Rosberg
96%
Ferrari Germany Sebastian Vettel
96%
McLaren Spain Fernando Alonso
94%
Toro Rosso Netherlands Max Verstappen
92%
RedBull Australia Daniel Ricciardo
88%
Williams Brazil Felipe Massa
87%
McLaren UK Jenson Button
87%
Ferrari Finland Kimi Raikkonen
87%
Toro Rosso Spain Carlos Sainz Jr.
85%
Force India Mexico Sergio Pérez
83%
Sauber Sweden Marcus Ericsson
79%
Renault Denmark Kevin Magnussen
77%
Force India German Nico Hülkenberg
77%
Haas France Romain Grosjean
73%
RedBull Russia Daniil Kvyat
71%
Williams Finland Valtteri Bottas
69%
Haas Mexico Esteban Gutiérrez
63%
Sauber Brazil Felipe Nasr
62%
Manor Germany Pascal Wehrlein
58%
Renault UK Jolyon Palmer
56%
Manor Indonesia Rio Haryanto
54%
No matching quizzes found
Score Distribution
Percent of People with Each Score
Percentile by Number Answered
Your Score History
You have not taken this quiz